La liste de l'équipe de France pour la Coupe du Monde 2022 - Statistiques

Statistiques générales
  • Ce quiz a été pris 1 747 fois
    1 692 depuis la dernière actualisation
  • Le résultat moyen est 22 sur 26
Statistiques - réponses
Poste Joueur selectionné Infos supplémentaires % Correct
Gardien Hugo Lloris
99%
Attaquant Kylian Mbappé
95%
Défenseur Lucas Hernandez
94%
Défenseur Theo Hernandez
94%
Attaquant Antoine Griezmann
93%
Gardien Alphone Areola
92%
Gardien Steve Mandanda
92%
Attaquant Olivier Giroud
91%
Milieu Aurélien Tchouaméni
88%
Attaquant Ousmane Dembélé
88%
Défenseur Benjamin Pavard
87%
Défenseur Dayot Upamecano
87%
Attaquant Randal Kolo-Muani Appelé en remplacement de Christopher Nkunku
85%
Milieu Adrien Rabiot
84%
Défenseur Raphaël Varane
84%
Milieu Eduardo Camavinga
83%
Défenseur Ibrahima Konaté
83%
Défenseur Jules Koundé
83%
Attaquant Karim Benzema (forfait dû à une blessure)
82%
Attaquant Kingsley Coman
78%
Attaquant Marcus Thuram Dernier joueur appelé après la liste de Didier Deschamps
76%
Défenseur William Saliba
67%
Milieu Mattéo Guendouzi
66%
Milieu Youssouf Fofana
66%
Miliieu Jordan Veretout
61%
Défenseur Axel Disasi Appelé en remplacement de Presnel Kimpembe
55%
Aucun quiz correspondant
Distribution des résultats
% des personnes avec chaque résultat
Percentile par nombre de réponses
Votre historique - résultats
Vous n’avez pas pris ce quiz depuis la dernière actualisation